Úvod
Na minha lista:
| Autor principal: | |
|---|---|
| Formato: | Capítulo de Livro |
| Idioma: | eslovaco |
| Assuntos: | |
| Tags: |
Sem tags, seja o primeiro a adicionar uma tag!
|
MARC
| LEADER | 00000naa$a2200000$$$4500 | ||
|---|---|---|---|
| 001 | 0173640 | ||
| 005 | 20240502072946.6 | ||
| 041 | 0 | |a slo | |
| 044 | |a SK | ||
| 245 | 1 | 0 | |a Úvod |c Štefan Majtán |
| 610 | 2 | 0 | |a podnik |
| 610 | 2 | 0 | |a politika podnikania |
| 610 | 2 | 0 | |a riadenie podnikové |
| 610 | 2 | 0 | |a rozvoj trvalo udržateľný |
| 610 | 2 | 0 | |a výkonnosť podniku |
| 610 | 2 | 0 | |a kultúra podnikania |
| 610 | 2 | 0 | |a manažment |
| 100 | 1 | |a Majtán, Štefan | |